Teuerste Zugänge von Paris St.Germain - Statistiken

Allgemein
  • Dieses Quiz wurde 47 mal gespielt
  • Das Durchschnittsergebnis liegt bei 7 aus 15
Antwortstatistiken
Hint Antwort % Korrekt
1 Neymar
100%
2 Kylian Mbappe
96%
11 Ousmane Dembele
69%
5 Achraf Hakimi
60%
7 Edinson Cavani
51%
6 Goncalo Ramos
51%
8 Angel Di Maria
44%
3 Randal Kolo Muani
40%
4 Kvicha Kvaratskhelia
38%
13 Desire Doue
31%
10 Joao Neves
29%
15 Lucas Hernandez
22%
12 Mauro Icardi
16%
14 David Luiz
11%
9 Manuel Ugarte
9%
Keine übereinstimmenden Quizze gefunden
Verteilung der Resultate
Anzahl Personen mit jedem Resultat
Perzentil nach korrekt beantworteten Fragen
Ihre Resultats-Entwicklung
Sie haben dieses Quiz noch nicht gespielt